| 000 | 00000nam##2200000za#4500 |
| 001 | 9.643119 |
| 003 | CaOODSP |
| 005 | 20210624224024 |
| 007 | cr ||||||||||| |
| 008 | 150407|2005||||xxc|||||o f|0| 0 fre|d |
| 040 | |aCaOODSP|bfre |
| 043 | |an-cn--- |
| 086 | 1 |aEn14-167/2005F-PDF |
| 110 | 1 |aCanada. |bEnvironnement Canada. |
| 245 | 10|aStratégie de gestion du risque à l'égard des effluents des usines de textile qui utilisent des procédés de traitement au mouillé (EUT) et du nonylphénol (NP) et ses dérivés éthoxylés (NPE) en vertu de la LCPE (1999) |h[ressource électronique] |
| 260 | |aOttawa - Ontario : |bEnvironnement Canada |cMai 2002 (révisée juillet 2005). |
| 300 | |a25p.|bglossaire, tableaux |
| 590 | |a14-21-Supp|b2014-12-11 |
| 691 | 07|aGestion des risques|2gcpds |
| 691 | 07|aIndustrie textile|2gcpds |
| 691 | 07|aProduit toxique|2gcpds |
| 775 | 08|tRisk management strategy in respect of effluents from textile mills that use wet processing (TMEs) and nonylphenol (NP) and its ethoxylates (NPEs) under CEPA 1999 |w(CaOODSP)9.699084 |
| 856 | 40|ahttp://publications.gc.ca|qPDF|s96 Ko|uhttps://publications.gc.ca/collections/collection_2014/ec/En14-167-2005-fra.pdf |